000 00445nam a2200181Ia 4500
005 20240823045140.0
008 240823s9999||||xx |||||||||||||| ||und||
041 _aENGLISH
082 _A336.24 P6
100 _aReddy T S
245 0 _aIncome Tax Theory Law & Practice
250 _a5th
260 _c2006
_bMargham Publica
500 _aYES
650 _aIncome Tax
_bManagement Studies
700 _a Hari Prasad Reddy Y
942 _cBK
999 _c214281
_d214281